تعامل النبي صلى الله عليه و سلم مع أمواله كسبا مصادر أموال النبي صلى الله عليه و سلم /
Saved in:
| Main Author: | |
|---|---|
| Other Authors: | |
| Format: | Thesis |
| Language: | Arabic |
| Published: |
Bayrut :
Ma'ahad al-Da'wah al-Jami'i lil-Dirasat al-Islamiyah,
2010
|
| Subjects: | |
| Tags: |
Add Tag
No Tags, Be the first to tag this record!
|
| LEADER | 016160000a22003010004500 | ||
|---|---|---|---|
| 008 | 130503s2010 le a f 000 0 ara d | ||
| 040 | |a UIAM |b eng | ||
| 041 | |a ara | ||
| 050 | 0 | |a BP75.2 | |
| 100 | 1 | |a سمان، عبد الفتاح محمد |9 353673 | |
| 242 | 1 | 0 | |a Ta'amul al-nabi salla Allah 'alayhi wa-sallam ma'a amwalihi kasaban masadir amwal al-nabi salla Allah 'alayhi wa-sallam |
| 245 | 1 | 0 | |a تعامل النبي صلى الله عليه و سلم مع أمواله كسبا مصادر أموال النبي صلى الله عليه و سلم / |c إعداد الطالب، عبد الفتاح محمد السمان |
| 260 | |a Bayrut : |b Ma'ahad al-Da'wah al-Jami'i lil-Dirasat al-Islamiyah, |c 2010 | ||
| 300 | |a 299 leaves : |b ill. ; |c 30 cm. | ||
| 336 | |2 rdacontent | ||
| 337 | |2 rdamedia | ||
| 338 | |2 rdacarrier | ||
| 500 | |a "دراسة أعدت لنيل درجة الماجستير في الإقتصاد الإسلامي" --On t.p. | ||
| 502 | |a Thesis (M.A.)--Ma'ahad al-Da'wah al-Jami'i lil-Dirasat al-Islamiyah, 2010 | ||
| 600 | 0 | |a Muhammad, |c Prophet, |d -632 |9 78 | |
| 650 | 0 | |a Property (Islamic law) |9 6504 | |
| 655 | |a Theses, Facsimile edition (Islamic) | ||
| 700 | 1 | |a Saman, 'Abd al-Fatah Muhammad |9 353674 | |
| 900 | |a arf-his | ||
| 942 | |2 lcc |n 0 | ||
| 999 | |c 434895 |d 466791 | ||
| 952 | |0 0 |6 TI BP 75.2 S187T 2010 |7 0 |8 THESES |9 753870 |a IIUM |b IIUM |c MULTIMEDIA |g 0.00 |o ti BP 75.2 S187T 2010 |p 00011253425 |r 2017-10-23 |t 1 |v 0.00 |y THESIS | ||
| 952 | |0 0 |6 TI BP 75.2 S187T 2010 |7 0 |8 THESES |9 756421 |a IIiBFL |b IIiBFL |c CLOSEACCES |g 380.00 |o ti BP 75.2 S187T 2010 |p 00011275952 |r 2017-11-02 |t 1 |v 380.00 |y THESIS | ||
